| 000 | 00542nam a2200145 i 4500 | ||
|---|---|---|---|
| 001 | 46033 | ||
| 003 | ES-MaACL | ||
| 007 | t| | ||
| 008 | 030327s1886 sp ||||1| fre d | ||
| 245 | 0 | 0 |
_aConcordance des codes égyptiens mixte et indigéne avec le Code Napoléon, suivie d'un appendice relatant la jurisprudence de la Cour d'appel mixte d'Alexandrie / _cpar Joseph Aziz. |
| 260 |
_aAlexandrie : _b[s.n.], _c1886 ( _fTypo-lit. V. Penasson) |
||
| 300 |
_aXXI, 269 p. ; _c28 cm. |
||
| 700 | 1 |
_aAziz, Joseph. _924293 |
|
| 852 |
_aES-MaACL _jG-3014 |
||
| 999 |
_c46033 _d46033 |
||